000 00803nam a2200205 a 4500
003 0
005 20250204102144.0
008 130829s19uu xx 00 eng d
050 _aPGS LB 1060
_b.T313 2013
100 _aTentativa, Sofia Asuncion C.
245 _aFamily structure and school performance of grade 6 SISC students /
_cSofia Asuncion C. Tentativa.
260 _aLas PiƱas City, Philippines :
_bSouthville International School and Colleges,
_c2013.
300 _a24 p. :
_bill. ;
_c28 cm.
504 _aIncludes bibliographical references.
650 _aFamily structure and academic achievement.
650 _aSingle-parent families and academic achievement.
650 _aMarried parents and academic achievement.
650 _aParental involvement in education.
942 _2lcc
_cPASS
999 _c99039
_d99039